00339pab a2200121 454500008004000000100002200040245007200062260000900134300001000143650002400153700002000177773002000197180718b1988 xxu||||| |||| 00| 0 eng d aGalster, George C aEvaluating and redesigning subsidy policies for home rehabilitation c1988 a67-95 aHousing - Subsidies aGarry W. Hesser aPolicy Sciences